Normal view
MARC view
- Haque, Nadeem Ul
Entry Personal Name
001 - CONTROL NUMBER
- control field: 131658
003 - CONTROL NUMBER IDENTIFIER
- control field: NUST
005 - DATE AND TIME OF LATEST TRANSACTION
- control field: 20251030114614.0
008 - FIXED-LENGTH DATA ELEMENTS
- fixed length control field: 251030|| aca||aabn | a|a d
040 ## - CATALOGING SOURCE
- Original cataloging agency: NUST
- Transcribing agency: NUST
100 ## - HEADING--PERSONAL NAME
- Personal name: Haque, Nadeem Ul
670 ## - SOURCE DATA FOUND
- Source citation: Work cat.: (NUST)615270: Power sector : an enigma with no easy solution
